Surveyors and lawyers involved in lease renewals under PACT (Record no. 110316)
[ view plain ]
| 000 -LEADER | |
|---|---|
| fixed length control field | 01916cad a22002775a 4500 |
| 001 - CONTROL NUMBER | |
| control field | E148989 |
| 008 - FIXED-LENGTH DATA ELEMENTS--GENERAL INFORMATION | |
| fixed length control field | 091210s2009 xxk f 000 0 eng d |
| 020 ## - INTERNATIONAL STANDARD BOOK NUMBER | |
| International Standard Book Number | 9781842194157 |
| 035 ## - SYSTEM CONTROL NUMBER | |
| System control number | (Sirsi) u148989 |
| 041 0# - LANGUAGE CODE | |
| Language code of text/sound track or separate title | eng |
| 050 04 - LIBRARY OF CONGRESS CALL NUMBER | |
| Classification number | 347.41067 $2 18 |
| 110 2# - MAIN ENTRY--CORPORATE NAME | |
| Corporate name or jurisdiction name as entry element | Royal Institution of Chartered Surveyors |
| Subordinate unit | Dispute Resolution Faculty |
| 245 00 - TITLE STATEMENT | |
| Title | Surveyors and lawyers involved in lease renewals under PACT |
| Remainder of title | RICS guidance note |
| Medium | [electronic resource] |
| Statement of responsibility, etc. | [old edition] |
| 260 ## - PUBLICATION, DISTRIBUTION, ETC. | |
| Place of publication, distribution, etc. | London |
| Name of publisher, distributor, etc. | RICS |
| Date of publication, distribution, etc. | 2009 |
| 490 #0 - SERIES STATEMENT | |
| Series statement | RICS Guidance Note |
| 505 2# - FORMATTED CONTENTS NOTE | |
| Formatted contents note | General introduction -- Issues that can be determined using PACT -- Instigating the in court PACT procedure -- Instigating the out of court PACT procedure -- Arbitrator or independent expert? -- The appointed person or persons -- The proceedings -- The award or determination -- Costs -- Producing the lease document -- Appendices |
| 520 ## - SUMMARY, ETC. | |
| Summary, etc. | The Landlord and Tenant Act 1954 (the Landlord and Tenant Act) provides for the terms of a renewal lease to be determined by the courts. Professional Arbitration on Court Terms (PACT) is a procedure whereby the determination of all or some of the terms for a renewal lease are (with the consent of both parties) "delegated" to an independent third party, who may act either as an arbitrator or as an independent expert. This guidance note provides a step-by-step guide as to how PACT works. |
| 520 ## - SUMMARY, ETC. | |
| Summary, etc. | Superseded by 2nd edition, 2018, ISBN 9781783212200 |
| 521 ## - TARGET AUDIENCE NOTE | |
| Target audience note | Advanced |
| 590 ## - LOCAL NOTE (RLIN) | |
| Local note | KA |
| 651 #4 - SUBJECT ADDED ENTRY--GEOGRAPHIC NAME | |
| Geographic name | England and Wales |
| Chronological subdivision | 1543- |
| 690 ## - LOCAL SUBJECT ADDED ENTRY--TOPICAL TERM (OCLC, RLIN) | |
| Topical term or geographic name as entry element | MANAGEMENT-DISPUTE AVOIDANCE, MANAGEMENT AND RESOLUTION-DISPUTE MANAGEMENT AND RESOLUTION |
| 710 1# - ADDED ENTRY--CORPORATE NAME | |
| Corporate name or jurisdiction name as entry element | Law Society of England and Wales |
| 9 (RLIN) | 1639 |
| 856 40 - ELECTRONIC LOCATION AND ACCESS | |
| Uniform Resource Identifier | <a href="https://www.isurv.com/downloads/file/7575/archive_surveyors_and_lawyers_involved_in_lease_renewals_under_pact_december_2009-may_2018">https://www.isurv.com/downloads/file/7575/archive_surveyors_and_lawyers_involved_in_lease_renewals_under_pact_december_2009-may_2018</a> |
| Public note | Archived on iSurv (subscription required) |
| 942 ## - ADDED ENTRY ELEMENTS (KOHA) | |
| Suppress in OPAC | 0 |
| Source of classification or shelving scheme | Dewey Decimal Classification |
| Withdrawn status | Lost status | Source of classification or shelving scheme | Damaged status | Not for loan | Home library | Current library | Shelving location | Date acquired | Total Checkouts | Full call number | Barcode | Date last seen | Copy number | Price effective from | Koha item type |
|---|---|---|---|---|---|---|---|---|---|---|---|---|---|---|---|
| Dewey Decimal Classification | Archives | Archives | RICS Boxes | 22/10/2010 | RICS 2009/64 | 30079676 | 21/06/2024 | 1 | 06/08/2019 | Book | |||||
| Dewey Decimal Classification | Virtual | Virtual | Online | 10/12/2009 | iSurv | 148989-2001 | 23/03/2023 | 1 | 06/08/2019 | Book |